| 000 | 00357nam a22001337a 4500 | ||
|---|---|---|---|
| 082 |
_a531.13 _bYUS |
||
| 100 |
_aS.M Yusuf _940156 |
||
| 245 |
_aMathematical methods _cS.M Yusuf |
||
| 260 |
_aLahore _bilmi kitab khana urdu bazar _c1988 |
||
| 300 |
_aviii, 460 p. _bill. |
||
| 526 |
_a0 _b0 _c0 _d531_130000000000000_YUS |
||
| 650 |
_aMCE _9379 |
||
| 942 |
_2ddc _cBK |
||
| 999 |
_c544514 _d544514 |
||